000 00617nam a2200181Ia 4500
008 151018s9999 xx 000 0 und d
082 _bRBASDV31598
_a891.43
100 _aशेक्सपिअर विलियम
245 _aरोमियो जुलियट
250 _b1
260 _bअरुण प्रकाशन
_c1998
300 _a95
600 _aशेक्सपिअर विलियम
630 _aरोमियो जुलियट
700 _aशेक्सपिअर विलियम
730 _aरोमियो जुलियट
942 _cBOOK
999 _c1031131
_d1031128